00438nam a22001577a 450000500170000000800410001702000310005804000090008908200180009810000180011624500630013426000370019730000110023465000140024565000210025920231212113336.0231116b |||||||| |||| 00| 0 eng d a9788131613252cRs. 1295.00 aMAIN a301.242bA64S aAlmeida, Paul aSocial movements: The structure of collective mobilization aJaipurbRawat Publicationsc2023 ax, 224 aSociology aSocial Movements